zpět

Detail výsledku týmu

Pivovarský Dvůr ST, Liberec

Datum a čas kvízu

31.5 Celkem bodů Celkový počet nahraných bodů na tomto kvízu bez doplňovacích otázek.
3. Pořadí na kvízu Konečné umístění týmu na tomto kvízu.

Zaznamenané odpovědi

# Otázka Odpověď Body Výsledky
1. Ve kterém menším městě ležícím... v Náměšti nad Oslavou 1
2. V pondělním rozhovoru pro míst... Černá Hora 1
3. V sobotu proběhl velkolepý kon... Rio de Janeiro 1
4. Minulý týden byl na aukci v ji... (zlaté) hodinky 1
5. V neděli se konal tradiční Pra... 29. ročník, Staroměstské náměstí 0.5
6. Vítězné téma facebookového hla... Baryk 1
7. Jak se jmenoval herec, který v... Lubomír Kostelka 1
8. Který zahraniční dětský seriál... Tlapková patrola 1
9. Která z těchto postav je nejme... D) Zipper 1
10. Ze které země pochází seriál V... z Japonska 1